Quiz série HPI saison 1 - Statistiques

Statistiques générales
  • Ce quiz a été pris 344 fois
  • Le résultat moyen est 8 sur 20
Statistiques - réponses
Saison 1 Réponse % Correct
Nombre d'enfants kidnappés épisode 3 2
93%
Ancien métier de Morgane avant d'être consultente femme de ménage
93%
Ville où est tournée la série Lille
90%
Nom d'actrice de Morgane ALVARO Audrey FLEUROT
85%
Personnage disparus en 2005 Romain
72%
Combien paye Morgane à Théa pour qu'elle fasse le tour des clubs d'escalades 20€
71%
Métier de Jeanne LEVASSEUR épisode 1 Avocate
61%
Où se trouve la grenouille épisode 4 Savon
45%
Karadek en a plus que Morgane dans son sandwich épisode 6 Mayonnaise
41%
Race de chien si Karadek en était un épisode 5 Labrador
36%
Quel mot est mal écrit sur le club nautique épisode 7 Pervers
25%
Nom du nounours épisode 2 Basile
23%
Gilles a envie de manger des Poivrons
21%
D'où Morgane sait comment a été crée le Collin-Maillard Céréales
20%
Morgane a gardé quoi sur sa robe Etiquette
19%
Quand est-ce-que la montre connecté de la grand mère Gilles affiche une accelération du rythme cardiaque Jeudi
18%
La date de sortie du premier épisode 20 avril 2021
6%
Marque de la voiture de Sylvain DUBOIS Mustang
4%
Nom du parking où est la voiture volé selon Gilles épisode 8 Le parking des anges
3%
Fleur préféré de Camille DUEZ Orchidées
2%
Aucun quiz correspondant
Distribution des résultats
% des personnes avec chaque résultat
Percentile par nombre de réponses
Votre historique - résultats
Vous n’avez pas pris ce quiz